| 000 | 00644nam a2200229 i 4500 | ||
|---|---|---|---|
| 001 | C2-0137757 | ||
| 003 | PPAK | ||
| 005 | 20180727124359.0 | ||
| 008 | 971218s1993 my a|||| ||||| | may d | ||
| 040 |
_aPPAK _beng _cPPAK _erda |
||
| 082 | 0 | 4 |
_a320.8 _223 |
| 090 | 0 | 0 |
_a320.8 _bSUN _dKK |
| 245 | 0 | 0 |
_aSungai Petani : _bEdisi Kedua |
| 264 | 1 |
_aSungai Petani, Kedah : _bMajlis Daerah Kota Kuala Muda , _c1993 |
|
| 300 |
_a35 pages : _billustrations ; _c30 cm |
||
| 336 |
_2rdacontent _atext |
||
| 337 |
_2rdamedia _aunmediated |
||
| 338 |
_2rdacarrier _avolume |
||
| 500 | _aDwi tahunan | ||
| 650 | 1 | 0 | _aMunicipal Corporations |
| 942 |
_ddc _cB |
||
| 999 |
_c43120 _d43120 |
||